00352nam a2200085Ia 4500008004100000245007600041260000900117300010700126650003300233180130s9999 xx 000 0 und d cSudak, Donna M.aMeasures of competence in cognitive behavioral therapy c2016 aBook title: Teaching and supervising cognitive behavioral therapy--Acession number C20879; pages 67-84 aCOGNITIVE BEHAVIORAL THERAPY